000 00327pab a2200145 454500
008 180718b2004 xxu||||| |||| 00| 0 eng d
100 _aSinha, Sharad C.
245 _aRecent trends in economic crimes
260 _c2004
300 _ap.4-14.
362 _aJul
650 _aCrime
773 _aCBI Bulletin
909 _a62986
999 _c62986
_d62986